| 000 | 01115nam a2200289Ia 4500 | ||
|---|---|---|---|
| 003 | OSt | ||
| 005 | 20221007125437.0 | ||
| 006 | a|||||r|||| 00| 0 | ||
| 007 | ta | ||
| 008 | 221006b |||||||| |||| 00| 0 eng d | ||
| 020 |
_a8173193029 (pbk) _cRs.275.00 |
||
| 024 | _a10236 | ||
| 037 |
_bEducational, _cTextual |
||
| 040 |
_aCDL _cCDL _beng |
||
| 041 |
_2eng _aeng |
||
| 082 | _aE9G:f3, P0;4 | ||
| 100 |
_aSawhney S K Ed _9504377 |
||
| 245 | 0 |
_aIntroductory practical biochemistry ed by S K Sawhney and Randhir Singh _b Singh Randhir Ed |
|
| 260 |
_aNew _bDelhi Narosa Publishing House _c2000 |
||
| 300 |
_axviii, 452p _ccm. |
||
| 500 | _aAppendix 434-441p; Index 443-452p; ^n23/CSL/CARC/2002-2003/587^d2003-01-03^mPurchase; ; 2002-03/750^b2003-02-26^EBA/563/2002-03^d2003-02-17^eRs.12,307.00^fEducational Book Agency (India); ; 2003-03-24^bSB^c2003-04-03^dRPS | ||
| 650 |
_a Laboratory manual _9710073 |
||
| 650 | _aBiochemistry | ||
| 700 | _a Singh Randhir Ed | ||
| 942 |
_hE9G:f3, P0;4 _cTEXL _2CC |
||
| 999 |
_c1215287 _d1215287 |
||